| 000 | 00859nam a22001935i 4500 | ||
|---|---|---|---|
| 001 | 161780 | ||
| 003 | ES-MaACL | ||
| 005 | 20230906212346.0 | ||
| 008 | 950206s1872 sp a |||| | spa d | ||
| 040 |
_aAS _bspa _cCCPB | PA2 |
||
| 100 | 1 |
_aPérez de Castro, Mariano. _9131483 |
|
| 245 | 1 | 0 |
_aEstudios militares _b: origen y progresos del arte de la guerra en España desde la época celtibérica hasta la terminación de la Edad Media / _cpor Mariano Pérez de Castro. |
| 260 |
_aMadrid : _b[s.n.], _c1872 ( _fImprenta y Litografía del Depósito de la Guerra) |
||
| 300 |
_a223 p., 19 h. de lám. pleg. : _bil. ; _c24 cm. |
||
| 651 |
_aEspaña- _xHistoria militar- _yHasta S. XV. _9223537 |
||
| 752 |
_aEspaña - _dMadrid |
||
| 852 |
_aES-MaACL _jT-248-F-3 _z-- Enc. hol. _q-- Falto de la cub. original _z-- Enc. en un vol. facticio |
||
| 999 |
_c161780 _d161780 |
||